[Event "FRA-chT Top 16 Basse"]
[Site "Belfort"]
[Date "2025.06.01"]
[Round "4.1"]
[White "Chigaev, Maksim"]
[Black "Amin, Bassem"]
[Result "1/2-1/2"]
[WhiteElo "2635"]
[BlackElo "2649"]
[PlyCount "42"]
[EventDate "2025.05.29"]
[EventType "team-tourn"]
[EventRounds "4"]
[EventCountry "FRA"]
[SourceTitle "CB23_2025"]
[SourceDate "2025.06.04"]
[SourceVersion "1"]
[SourceVersionDate "2025.06.04"]
[SourceQuality "1"]
[WhiteTeam "Metz Fischer"]
[BlackTeam "Clichy Echecs 92"]
[WhiteTeamCountry "FRA"]
[BlackTeamCountry "FRA"]

1. e4 e5 2. Nf3 Nc6 3. Bc4 Nf6 4. d3 Bc5 5. Bg5 h6 6. Bh4 Be7 7. Bg3 d6 8. a4 0-0 9. a5 a6 10. c3 Be6 11. Bxe6 fxe6 12. 0-0 Nh7 13. Nbd2 Ng5 14. Re1 Bf6 15. b4 Qd7 16. Qb3 Rad8 17. Rad1 Nf7 18. h3 d5 19. Qb1 Be7 20. b5 axb5 21. Qxb5 Nxa5 1/2-1/2

[Event "FRA-chT Top 16 Basse"]
[Site "Belfort"]
[Date "2025.05.30"]
[Round "2.2"]
[White "Schmider, Niklas"]
[Black "Chigaev, Maksim"]
[Result "1/2-1/2"]
[WhiteElo "2421"]
[BlackElo "2635"]
[PlyCount "68"]
[EventDate "2025.05.29"]
[EventType "team-tourn"]
[EventRounds "4"]
[EventCountry "FRA"]
[SourceTitle "CB23_2025"]
[SourceDate "2025.06.04"]
[SourceVersion "1"]
[SourceVersionDate "2025.06.04"]
[SourceQuality "1"]
[WhiteTeam "Bischwiller"]
[BlackTeam "Metz Fischer"]
[WhiteTeamCountry "FRA"]
[BlackTeamCountry "FRA"]

1. e4 e6 2. d4 d5 3. Nc3 Bb4 4. e5 c5 5. a3 Bxc3+ 6. bxc3 Nc6 7. Qg4 g6 8. Nf3 Qa5 9. Bd2 c4 10. h4 h6 11. Nh2 Bd7 12. Qf3 Qa4 13. Ra2 Rh7 14. h5 g5 15. Ng4 0-0-0 16. Be2 Qa5 17. Qg3 Nge7 18. f4 Nf5 19. Qf2 gxf4 20. Qxf4 Rg7 21. Bf3 Rdg8 22. Nxh6 Nxh6 23. Qxh6 Qb6 24. Ra1 Qb2 25. Rc1 Qxa3 26. Qf4 Rh7 27. Kf2 Qb2 28. g4 a5 29. Qe3 Kc7 30. Ra1 Qxc2 31. Rhc1 Qb2 32. Rcb1 Qc2 33. Rc1 Qb2 34. Rcb1 Qc2 1/2-1/2

[Event "EU-ch 25th"]
[Site "Eforie Nord"]
[Date "2025.03.24"]
[Round "9"]
[White "Girel, Joseph"]
[Black "Chigaev, Maksim"]
[Result "1/2-1/2"]
[WhiteElo "2498"]
[BlackElo "2629"]
[PlyCount "68"]
[EventDate "2025.03.15"]
[EventType "swiss"]
[EventRounds "11"]
[EventCountry "ROU"]
[SourceTitle "CB13_2025"]
[SourceDate "2025.03.26"]
[SourceVersion "1"]
[SourceVersionDate "2025.03.26"]
[SourceQuality "1"]

1. d4 d5 2. c4 e6 3. Nf3 Nf6 4. g3 Be7 5. Bg2 0-0 6. 0-0 c6 7. Nc3 a5 8. Nd2 b5 9. cxb5 cxb5 10. Nxb5 Qb6 11. a4 Nc6 12. e4 Ba6 13. exd5 exd5 14. Nb1 Bb4 15. N1c3 Na7 16. Bg5 Bxc3 17. bxc3 Nxb5 18. axb5 Bxb5 19. Re1 Ne4 20. Bxe4 dxe4 21. Rxe4 Rfc8 22. Re5 Bd7 23. d5 Rxc3 24. Be3 Qd6 25. Qd4 Rac8 26. Bf4 Qb4 27. Qxb4 axb4 28. Bd2 Ra3 29. Rb1 b3 30. Bb4 Ra4 31. Rxb3 f6 32. Re7 Bf5 33. d6 Rb8 34. d7 Bxd7 1/2-1/2

[Event "EU-ch 25th"]
[Site "Eforie Nord"]
[Date "2025.03.20"]
[Round "6"]
[White "Chigaev, Maksim"]
[Black "Sebenik, Matej"]
[Result "1/2-1/2"]
[WhiteElo "2629"]
[BlackElo "2492"]
[PlyCount "163"]
[EventDate "2025.03.15"]
[EventType "swiss"]
[EventRounds "11"]
[EventCountry "ROU"]
[SourceTitle "CB13_2025"]
[SourceDate "2025.03.26"]
[SourceVersion "1"]
[SourceVersionDate "2025.03.26"]
[SourceQuality "1"]

1. e4 e5 2. Nf3 Nf6 3. Nc3 Bb4 4. Nxe5 0-0 5. Nd3 Bxc3 6. dxc3 Nxe4 7. Be2 Re8 8. 0-0 h6 9. Re1 Nc6 10. Be3 d6 11. Bf1 Bf5 12. f3 Nf6 13. Qd2 Nd7 14. Nf4 Nde5 15. Rad1 Ng6 16. Nh5 Qh4 17. Ng3 Bd7 18. b3 Nce5 19. c4 b6 20. Qd4 Bc6 21. Qxh4 Nxh4 22. Kf2 Re7 23. Bd4 Rae8 24. Bc3 Bd7 25. a4 f6 26. Ne2 Nc6 27. Nf4 Rxe1 28. Bxe1 Nf5 29. Nd5 Rc8 30. c5 bxc5 31. Ba6 Rb8 32. Nxc7 Kf8 33. Bd3 Nfd4 34. Bc3 Rb7 35. Nb5 Nxb5 36. axb5 Nd4 37. Bxd4 cxd4 38. Bc4 Bxb5 39. Rxd4 Ke7 40. Re4+ Kd8 41. Ke3 Bc6 42. Re6 Kd7 43. Kd4 a5 44. Re1 a4 45. Ra1 axb3 46. cxb3 Kc7 47. Ra6 Rb6 48. Ra7+ Rb7 49. Rxb7+ Bxb7 50. Bd3 Bc6 51. Bg6 Kd8 52. b4 Kc7 53. h4 Ba4 54. g3 Bd1 55. f4 Bb3 56. Bd3 Bf7 57. Bc4 Be8 58. f5 Bc6 59. Bd3 Be8 60. b5 Bf7 61. g4 Bb3 62. Be2 Bf7 63. Bc4 Be8 64. Bd3 Bf7 65. Be2 Bb3 66. Bc4 Bd1 67. Kd5 Kd7 68. Bd3 Bxg4 69. Be4 Bd1 70. b6 Bb3+ 71. Kd4 Ba2 72. Bf3 Bb1 73. b7 Kc7 74. Kd5 Bxf5 75. b8Q+ Kxb8 76. Kxd6 g5 77. Ke7 g4 78. Bg2 g3 79. Kxf6 Bc8 80. Kg6 Bb7 81. Bf1 Ba6 82. Bg2 1/2-1/2

[Event "EU-ch 25th"]
[Site "Eforie Nord"]
[Date "2025.03.19"]
[Round "5"]
[White "Bernadskiy, Vitaliy"]
[Black "Chigaev, Maksim"]
[Result "1/2-1/2"]
[WhiteElo "2529"]
[BlackElo "2629"]
[PlyCount "30"]
[EventDate "2025.03.15"]
[EventType "swiss"]
[EventRounds "11"]
[EventCountry "ROU"]
[SourceTitle "CB13_2025"]
[SourceDate "2025.03.26"]
[SourceVersion "1"]
[SourceVersionDate "2025.03.26"]
[SourceQuality "1"]

1. d4 Nf6 2. c4 e6 3. Nc3 Bb4 4. e3 b6 5. Bd3 Bb7 6. Nf3 Bxc3+ 7. bxc3 Ne4 8. 0-0 f5 9. Ba3 Nxc3 10. Qc2 Bxf3 11. gxf3 Qg5+ 12. Kh1 Qh5 13. Kg2 Qg5+ 14. Kh1 Qh5 15. Kg2 Qg5+ 1/2-1/2

[Event "Chessable Masters Play In"]
[Site "Chess.com INT"]
[Date "2025.02.17"]
[Round "4"]
[White "Sargsyan, Shant"]
[Black "Chigaev, Maksim"]
[Result "1/2-1/2"]
[WhiteElo "2660"]
[BlackElo "2632"]
[PlyCount "78"]
[EventDate "2025.02.17"]
[EventType "swiss (blitz)"]
[EventRounds "9"]
[EventCountry "USA"]
[SourceTitle "CB08_2025"]
[SourceDate "2025.02.19"]
[SourceVersion "1"]
[SourceVersionDate "2025.02.19"]
[SourceQuality "1"]

1. d4 Nf6 2. Nf3 g6 3. Nc3 Bg7 4. e4 d5 5. exd5 Nxd5 6. Nxd5 Qxd5 7. c3 0-0 8. Qb3 Be6 9. Qxd5 Bxd5 10. Be2 Nd7 11. Be3 e5 12. dxe5 Nxe5 13. Nxe5 Bxe5 14. 0-0 b6 15. Rfd1 Be6 16. Bd4 Bxd4 17. Rxd4 Rfd8 18. b3 Rxd4 19. cxd4 a5 20. Bf3 Rd8 21. Rd1 Bd5 22. Rc1 Bxf3 23. gxf3 Rd7 24. Kf1 Kg7 25. Rc6 Kh6 26. d5 Kg7 27. d6 Rxd6 28. Rxc7 Rd2 29. Rc6 Rxa2 30. Rxb6 a4 31. bxa4 Rxa4 32. Kg2 Ra7 33. Rc6 Rb7 34. Ra6 Re7 35. Rb6 h5 36. Ra6 Rd7 37. Rb6 Re7 38. Ra6 Rd7 39. Rb6 Re7 1/2-1/2

[Event "Titled Tuesday intern op 04th Feb Early"]
[Site "Chess.com INT"]
[Date "2025.02.04"]
[Round "7"]
[White "Nazari, Arad"]
[Black "Chigaev, Maksim"]
[Result "0-1"]
[WhiteElo "2425"]
[BlackElo "2632"]
[PlyCount "45"]
[EventDate "2025.02.04"]
[EventType "swiss (blitz)"]
[EventRounds "11"]
[EventCountry "USA"]
[SourceTitle "CB07_2025"]
[SourceDate "2025.02.12"]
[SourceVersion "1"]
[SourceVersionDate "2025.02.12"]
[SourceQuality "1"]

1. e4 c6 2. d4 d5 3. e5 c5 4. Nf3 Bg4 5. dxc5 Nc6 6. c3 e6 7. Be3 Bxf3 8. Qxf3 a6 9. Qg3 h5 10. h4 Nh6 11. Bd3 Ng4 12. Bd4 b6 13. f3 bxc5 14. fxg4 cxd4 15. g5 Qb6 16. b3 dxc3 17. g6 fxg6 18. Bxg6+ Kd7 19. Nxc3 Qd4 20. Rc1 Bb4 21. Rh3 Rac8 22. Ke2 Nxe5 23. Qe3 0-1

[Event "Titled Tuesday intern op 28th Jan Early"]
[Site "Chess.com INT"]
[Date "2025.01.28"]
[Round "1"]
[White "Chigaev, Maksim"]
[Black "Mottola, Max"]
[Result "1-0"]
[WhiteElo "2632"]
[BlackElo "2132"]
[PlyCount "101"]
[EventDate "2025.01.28"]
[EventType "swiss (blitz)"]
[EventRounds "11"]
[EventCountry "USA"]
[SourceTitle "CB06_2025"]
[SourceDate "2025.02.05"]
[SourceVersion "1"]
[SourceVersionDate "2025.02.05"]
[SourceQuality "1"]

1. d4 d5 2. Nf3 Nf6 3. c4 c6 4. Nc3 a6 5. g3 dxc4 6. Bg2 b5 7. Ne5 e6 8. 0-0 Bb7 9. b3 cxb3 10. Qxb3 Qc7 11. Bb2 Nbd7 12. Rac1 Bd6 13. Nxc6 Qb6 14. d5 0-0 15. e4 exd5 16. exd5 Rfe8 17. h3 Bxg3 18. Na4 bxa4 19. Qxb6 Nxb6 20. fxg3 Ne4 21. Rfd1 Nd6 22. Na5 Rac8 23. Ba3 Ndc4 24. Nxb7 Nxa3 25. d6 Rxc1 26. Rxc1 Nac4 27. d7 Nxd7 28. Rxc4 Ne5 29. Rxa4 Rc8 30. Rd4 f6 31. Rd8+ Rxd8 32. Nxd8 Kf8 33. Nc6 Nd7 34. Nb4 Nc5 35. Bf1 a5 36. Nd5 a4 37. Kf2 Kf7 38. Kf3 Ke6 39. Nf4+ Ke5 40. Nd3+ Kd4 41. Nxc5 Kxc5 42. Ke3 Kb4 43. Kd4 Ka3 44. Bc4 Kb4 45. Bg8 h6 46. h4 g5 47. hxg5 hxg5 48. Ke4 Kc3 49. Kf5 Kd4 50. Kxf6 g4 51. Kg5 1-0

[Event "Titled Tuesday intern op 14th Jan Early"]
[Site "Chess.com INT"]
[Date "2025.01.14"]
[Round "7"]
[White "Cieslak, Patryk"]
[Black "Chigaev, Maksim"]
[Result "1-0"]
[WhiteElo "2405"]
[BlackElo "2632"]
[PlyCount "123"]
[EventDate "2025.01.14"]
[EventType "swiss (blitz)"]
[EventRounds "11"]
[EventCountry "USA"]
[SourceTitle "CB04_2025"]
[SourceDate "2025.01.22"]
[SourceVersion "1"]
[SourceVersionDate "2025.01.22"]
[SourceQuality "1"]

1. e4 c6 2. Nf3 d5 3. Nc3 dxe4 4. Nxe4 Nf6 5. Qe2 Na6 6. Nxf6+ gxf6 7. c3 Qd5 8. Qc4 Be6 9. Qxd5 Bxd5 10. Be2 Rg8 11. 0-0 0-0-0 12. d4 Nc7 13. Be3 e6 14. a4 a6 15. g3 Bxf3 16. Bxf3 f5 17. Kh1 Nd5 18. Bd2 Be7 19. Rfe1 Bg5 20. Bxg5 Rxg5 21. Bxd5 cxd5 22. f4 Rgg8 23. Kg2 Rd6 24. a5 Kc7 25. Ra4 Rb8 26. Rea1 Rc6 27. Kf3 Kd6 28. Rb4 Kc7 29. Ke3 Rg8 30. Ra3 Rb8 31. Rab3 Rd6 32. Rb6 Rdd8 33. R3b4 Rd6 34. Rxd6 Kxd6 35. b3 Kc7 36. c4 dxc4 37. bxc4 Rd8 38. Rb6 Rd7 39. Kd3 Rd8 40. Kc3 h5 41. Rb1 h4 42. gxh4 Rh8 43. Rg1 Rxh4 44. Rg7 Rxf4 45. Rxf7+ Kc6 46. Re7 Re4 47. Rxe6+ Rxe6 48. d5+ Kd6 49. dxe6 Kxe6 50. Kd4 Kf6 51. Ke3 Kg5 52. Kf3 f4 53. h3 Kf5 54. h4 Ke5 55. h5 Kf5 56. h6 Kg6 57. Kxf4 Kxh6 58. Ke5 Kg6 59. Kd6 Kf5 60. Kc7 Ke6 61. Kxb7 Kd7 62. c5 1-0

[Event "Titled Tuesday intern op 07th Jan Early"]
[Site "Chess.com INT"]
[Date "2025.01.07"]
[Round "11"]
[White "Chigaev, Maksim"]
[Black "Ilinca Ilinca, Felix Antonio"]
[Result "0-1"]
[WhiteElo "2632"]
[BlackElo "2440"]
[PlyCount "125"]
[EventDate "2025.01.07"]
[EventType "swiss (blitz)"]
[EventRounds "11"]
[EventCountry "USA"]
[SourceTitle "CB03_2025"]
[SourceDate "2025.01.15"]
[SourceVersion "1"]
[SourceVersionDate "2025.01.15"]
[SourceQuality "1"]

1. e4 c6 2. Nf3 d5 3. d3 Qc7 4. Nc3 Nf6 5. e5 Ng8 6. d4 Bg4 7. Be2 e6 8. Nh4 Bxe2 9. Nxe2 c5 10. c3 cxd4 11. cxd4 Bb4+ 12. Bd2 Bxd2+ 13. Qxd2 Nc6 14. 0-0 Nge7 15. Rac1 0-0 16. Rc3 f6 17. exf6 Rxf6 18. Nf3 Raf8 19. Ng3 Ng6 20. Ne2 h6 21. a3 Qd6 22. Kh1 Kh8 23. Neg1 Nf4 24. Re1 Qe7 25. Ne5 Nxe5 26. Rxe5 Qf7 27. f3 Rf5 28. Re1 Rh5 29. g3 Ng6 30. Rce3 Qc7 31. Kg2 Rg5 32. Kh1 Rh5 33. Qg2 Rg5 34. Ne2 Rf6 35. Nc3 Nf8 36. Qe2 Qf7 37. f4 Rgf5 38. Qg2 g5 39. fxg5 hxg5 40. R3e2 Ng6 41. Qh3+ Kg7 42. Kg1 g4 43. Qg2 Rf3 44. Nd1 Ne7 45. Nf2 Qg6 46. Kh1 Nf5 47. Rd2 Qh5 48. Kg1 Qg5 49. Nd3 Nxd4 50. Nf4 R3xf4 51. gxf4 Qxf4 52. Kh1 Nf3 53. Rf1 Qxd2 54. Qxg4+ Ng5 55. Rg1 Rg6 56. h4 Qxb2 57. hxg5 Qe5 58. Qh4 Qe4+ 59. Qxe4 dxe4 60. Rd1 Rxg5 61. Rd7+ Kf6 62. Rxb7 Ra5 63. Rb6 0-1

[Event "Titled Tuesday intern op 07th Jan Early"]
[Site "Chess.com INT"]
[Date "2025.01.07"]
[Round "2"]
[White "Chigaev, Maksim"]
[Black "Rosner, Jonas"]
[Result "1-0"]
[WhiteElo "2632"]
[BlackElo "2440"]
[PlyCount "47"]
[EventDate "2025.01.07"]
[EventType "swiss (blitz)"]
[EventRounds "11"]
[EventCountry "USA"]
[SourceTitle "CB03_2025"]
[SourceDate "2025.01.15"]
[SourceVersion "1"]
[SourceVersionDate "2025.01.15"]
[SourceQuality "1"]

1. e4 g6 2. d4 Bg7 3. Nf3 d6 4. Bc4 a6 5. a4 Nf6 6. Qe2 0-0 7. e5 dxe5 8. dxe5 Nd5 9. h3 Nc6 10. 0-0 Nb6 11. Bb3 Nd4 12. Nxd4 Qxd4 13. Re1 Bf5 14. Nd2 Rad8 15. Nf3 Qb4 16. a5 Nd5 17. Ra4 Qc5 18. Bd2 c6 19. c4 b5 20. axb6 Nxb6 21. Ra5 Rxd2 22. Qxd2 Nxc4 23. Rxc5 Nxd2 24. Nxd2 1-0